=LDR 00000nam 2200000 4500 =001 INLIS000000000025504 =005 20130612124016 =008 ***********************************ind** =035 ##$$0010-061300000025504 =041 ##$$a ind =082 ##$$a 521 =090 ##$$a 521, KAR p =100 ##$$a Karmana, Oman =245 ##$$a Penuntun Pelajaran Biologi Berdasarkan kurikulum 1984 Untuk SMA Kelas IIIA1 Semester 5 dan 6, Oman Karmana =260 ##$$a 1988 $b Bandung =300 ##$$a 296 hlm., ilus., 21 cm =650 ##$$a Biologi =650 ##$$a Studi dan Pengajaran =850 ##$$a NBPNMAT